Hệ thống hóa các văn bản pháp luật về công tác thanh tra

Gespeichert in:
Bibliographische Detailangaben
1. Verfasser: Đào, Thanh Hải
Format: Buch
Sprache:Undetermined
Veröffentlicht: Hà Nội Lao động Xã hội 2004
Schlagworte:
Tags: Tag hinzufügen
Keine Tags, Fügen Sie den ersten Tag hinzu!
Thư viện lưu trữ: Trung tâm Học liệu Trường Đại học Cần Thơ
LEADER 00624nam a2200205Ia 4500
001 CTU_63602
008 210402s9999 xx 000 0 und d
020 |b 280000 
082 |a 352.35 
082 |b H103 
100 |a Đào, Thanh Hải 
245 0 |a Hệ thống hóa các văn bản pháp luật về công tác thanh tra 
245 0 |c Đào Thanh Hải 
260 |a Hà Nội 
260 |b Lao động Xã hội 
260 |c 2004 
650 |a Public administration,Hành chính công 
650 |z Vietnam 
904 |i Năm 
980 |a Trung tâm Học liệu Trường Đại học Cần Thơ